Online
Catalog

Nutrición : (Record no. 22854)

MARC details
000 -CABECERA
campo de control de longitud fija 00765nam a2200205 a 4500
001 - NÚMERO DE CONTROL
campo de control 000023357
005 - FECHA Y HORA DE LA ÚLTIMA TRANSACCIÓN
campo de control 20240506193024.0
008 - DATOS DE LONGITUD FIJA--INFORMACIÓN GENERAL
campo de control de longitud fija 101203s1971 mx a r 000 0 spa d
040 ## - FUENTE DE LA CATALOGACIÓN
Centro catalogador/agencia de origen DO-SdBNP
Lengua de catalogación spa
Centro/agencia transcriptor BNPHU
082 ## - NÚMERO DE LA CLASIFICACIÓN DECIMAL DEWEY
Número de clasificación 612.3
Número de documento/Ítem G984n
049 ## - FONDOS LOCALES (OCLC)
Fondos de biblioteca BNGR
100 1# - ENTRADA PRINCIPAL--NOMBRE DE PERSONA
Nombre de persona Guthrie, Helen A.
9 (RLIN) 48114
245 10 - MENCIÓN DE TÍTULO
Título Nutrición :
Resto del título curso programado /
Mención de responsabilidad, etc. Helen A. Guthrie , Karen Sue Braddock ; traducción Orlando Espinosa de Monteros.
260 ## - PUBLICACIÓN, DISTRIBUCIÓN, ETC.
Lugar de publicación, distribución, etc. México, D. F. :
Nombre del editor, distribuidor, etc. Centro Regional de Ayuda Técnica :
-- Agencia para el Desarrollo Internacional,
Fecha de publicación, distribución, etc. 1971.
300 ## - DESCRIPCIÓN FÍSICA
Extensión ix, 286 p. :
Otras características físicas il. ;
Dimensiones 27 cm.
650 #0 - PUNTO DE ACCESO ADICIONAL DE MATERIA--TÉRMINO DE MATERIA
Término de materia o nombre geográfico como elemento de entrada Nutrición
9 (RLIN) 12779
650 #4 - PUNTO DE ACCESO ADICIONAL DE MATERIA--TÉRMINO DE MATERIA
Término de materia o nombre geográfico como elemento de entrada Nutrición
Subdivisión general Enseñanza
9 (RLIN) 48115
700 1# - PUNTO DE ACCESO ADICIONAL--NOMBRE DE PERSONA
Nombre de persona Braddock, Karen Sue
9 (RLIN) 48116
700 1# - PUNTO DE ACCESO ADICIONAL--NOMBRE DE PERSONA
Nombre de persona Espinosa de Monteros, Orlando
Término indicativo de función/relación tr.
9 (RLIN) 48117
Holdings
Estado de retiro Estado de pérdida Restricciones de uso No para préstamo Código de colección Localización permanente Ubicación/localización actual Ubicación en estantería Fecha de adquisición Número de inventario Total de préstamos Signatura topográfica completa Código de barras Fecha visto por última vez Precio válido a partir de Tipo de ítem Koha Número de copia
        Monografías: Libros y Folletos General General En catalogación 03.12.2010 LF1   612.3 G984n 23357-10 25.06.2020 25.06.2020 Préstamo en sala  
      Préstamo restrigido Monografías: Libros y Folletos General General En catalogación 03.12.2010 LF1   612.3 G984n 23357-20 25.06.2020 25.06.2020 Préstamo en sala e. 2

Powered by Koha